000
00362nam a2200169Ia 4500
100
_a
Mazidi/M.A
650
_a
Microcontroller
250
_a
2
942
_c
BK
366
_f
25
245
_a
8051 Microcontroller and embedded systems
260
_b
Pearson Education
_c
2008
082
_a
4.65
_b
MAZ
300
_a
547
546
_a
ENGLISH
_c
TTL
999
_c
22898
_d
22898